[Event "ROM-ch U12"]
[Site "Calimanesti Caciulata"]
[Date "2019.04.22"]
[Round "9"]
[White "Nicolaescu, Andrei Luca"]
[Black "Milos, Gabriel Matei"]
[Result "1-0"]
[WhiteElo "1004"]
[BlackElo "1197"]
[PlyCount "80"]
[EventDate "2019.04.15"]
[EventType "swiss"]
[EventRounds "9"]
[EventCountry "ROU"]
[SourceTitle "CBM 190 Extra"]
[Source "ChessBase"]
[SourceDate "2019.07.15"]
[SourceVersion "1"]
[SourceVersionDate "2019.07.15"]
[SourceQuality "1"]

1. e4 e5 2. Nf3 Nc6 3. Bc4 Bc5 4. c3 Nf6 5. d3 h6 6. h3 d6 7. Bb3 0-0 8. 0-0 Qe7 9. Be3 Bb6 10. Nbd2 Be6 11. Bc2 Rfd8 12. Bxb6 axb6 13. Re1 Rxa2 14. Rxa2 Bxa2 15. b3 Qe6 16. Qa1 Bxb3 17. Bxb3 Qe7 18. Nf1 Na5 19. Bc2 Qd7 20. Qa4 Qxa4 21. Bxa4 Ra8 22. Bc2 Nc6 23. Ne3 Ra2 24. Rc1 Ne7 25. Kf1 Nh5 26. g3 Nf6 27. Ke1 Nd7 28. Kd1 Nc5 29. Rb1 Ra3 30. Kd2 Na4 31. Bxa4 Rxa4 32. Rb4 Ra2+ 33. Nc2 Nc6 34. Rb1 Na5 35. Nfe1 Kf8 36. f4 f6 37. f5 Ke7 38. Ra1 Rxa1 39. Nxa1 Nc6 40. g4 Nd8 1-0

[Event "ROM-ch U12"]
[Site "Calimanesti Caciulata"]
[Date "2019.04.19"]
[Round "6"]
[White "Milos, Gabriel Matei"]
[Black "Mindreci, Ioan Cristian"]
[Result "1-0"]
[WhiteElo "1197"]
[BlackElo "1080"]
[PlyCount "53"]
[EventDate "2019.04.15"]
[EventType "swiss"]
[EventRounds "9"]
[EventCountry "ROU"]
[SourceTitle "CBM 190 Extra"]
[Source "ChessBase"]
[SourceDate "2019.07.15"]
[SourceVersion "1"]
[SourceVersionDate "2019.07.15"]
[SourceQuality "1"]

1. d4 d5 2. c4 e6 3. Nc3 Nf6 4. Bg5 Nbd7 5. Nf3 Bb4 6. e3 0-0 7. Be2 dxc4 8. Bxc4 Nb6 9. Bd3 h6 10. Bh4 Nbd5 11. Qc2 Qd7 12. 0-0 Re8 13. e4 Nf4 14. Bxf6 gxf6 15. a3 Nxd3 16. Qxd3 Be7 17. d5 exd5 18. Nxd5 Bd6 19. Nxf6+ Kf8 20. Nxd7+ Bxd7 21. e5 Bxe5 22. Nxe5 Be6 23. Qf3 c6 24. Ng6+ Kg8 25. Ne5 Rf8 26. Qf6 Rad8 27. Ng6 1-0

[Event "ROM-ch U10"]
[Site "Baile Felix"]
[Date "2017.02.08"]
[Round "8"]
[White "Milos, Gabriel Matei"]
[Black "Dragoi, Albert Marian"]
[Result "1-0"]
[WhiteElo "1157"]
[BlackElo "1067"]
[PlyCount "79"]
[EventDate "2017.02.02"]
[EventType "swiss"]
[EventRounds "9"]
[EventCountry "ROU"]
[SourceTitle "CBM 176 Extra"]
[Source "ChessBase"]
[SourceDate "2017.03.02"]
[SourceVersion "1"]
[SourceVersionDate "2017.03.02"]
[SourceQuality "1"]

1. d4 d5 2. c4 e6 3. cxd5 exd5 4. Bf4 Be6 5. e3 Nf6 6. Nc3 Bb4 7. a3 Ba5 8. Bd3 0-0 9. Nge2 Nbd7 10. 0-0 Bxc3 11. Nxc3 c6 12. Bd6 Re8 13. Qc2 Nb6 14. Be5 Nbd7 15. Rad1 Nf8 16. h3 h6 17. Rfe1 Rc8 18. Na4 b6 19. Ba6 Qd7 20. Bxc8 Rxc8 21. Bxf6 gxf6 22. Kh2 c5 23. dxc5 Bf5 24. Qb3 b5 25. Nc3 Rxc5 26. e4 Be6 27. exd5 Bf5 28. g4 Bg6 29. d6 Ne6 30. f3 a6 31. Ne4 Bxe4 32. Rxe4 Rc6 33. Qb4 Rc2+ 34. Rd2 Rxd2+ 35. Qxd2 Ng5 36. Re7 Nxf3+ 37. Kg3 Nxd2 38. Rxd7 Ne4+ 39. Kf4 Nxd6 40. Rxd6 1-0

[Event "ROM-ch U10"]
[Site "Baile Felix"]
[Date "2017.02.05"]
[Round "4"]
[White "Milos, Gabriel Matei"]
[Black "Tiganescu, Razvan Ionut"]
[Result "0-1"]
[WhiteElo "1157"]
[BlackElo "1467"]
[PlyCount "44"]
[EventDate "2017.02.02"]
[EventType "swiss"]
[EventRounds "9"]
[EventCountry "ROU"]
[SourceTitle "CBM 176 Extra"]
[Source "ChessBase"]
[SourceDate "2017.03.02"]
[SourceVersion "1"]
[SourceVersionDate "2017.03.02"]
[SourceQuality "1"]

1. d4 d5 2. c4 e6 3. Nf3 Nf6 4. Nc3 Nbd7 5. cxd5 exd5 6. Bg5 c6 7. e4 Be7 8. e5 Ne4 9. Bxe7 Qxe7 10. Be2 Nxc3 11. bxc3 0-0 12. 0-0 f6 13. exf6 Nxf6 14. Re1 Qc7 15. Ne5 Ne4 16. Qc2 Rxf2 17. Qd3 Be6 18. Bf3 Rb2 19. Bxe4 dxe4 20. Qxe4 Bd5 21. Qf5 Rxg2+ 22. Kf1 Rf8 0-1